000 00581nam a2200217 a 4500
999 _c4664
_d4664
001 4664
003 BD-JhCC
005 20171129193856.0
008 171129s1966 e a|||| ||a| 001 0 eng d
035 _a(BD-JhCC)4664
040 _aBD-JhCC
_dBD-JhCC
041 _aeng
082 _a312.8
_bPOU 1966
100 _aPounds, Norman J. G.
245 _aEurope and the Soviet Union /
_cPounds, Norman J. G.
260 _aLondon :
_bMcGRAW-HILL Book Company,
_c1966.
300 _a 528 p. :
_c24 cm.
650 _aPopulation
_zSoviet Union
_zEurope
942 _2ddc
_cBK